[Event "DEM U18 2020"]
[Site "Willingen GER"]
[Date "2020.10.20"]
[Round "1"]
[White "Bosselmann, Tom Linus"]
[Black "Tschernatsch, Johannes"]
[Result "0-1"]
[Termination "normal"]
[Board "11"]
[WhiteElo "2054"]
[BlackElo "2251"]
[WhiteClock "00:10:46"]
[BlackClock "00:56:21"]
[PlyCount "68"]
[WhiteFideId "12983845"]
[BlackFideId "16223977"]
[EventCountry "GER"]
[EventRounds "7"]
[EventType "swiss"]
[EventDate "2020.10.19"]

1. e4 {[%clk 1:30:51]} c5 {[%clk 1:30:53]} 2. Nf3 {[%clk 1:30:29]} d6 {[%clk
1:31:17]} 3. d4 {[%clk 1:30:45]} cxd4 {[%clk 1:31:39]} 4. Nxd4 {[%clk 1:30:51]}
Nf6 {[%clk 1:32:02]} 5. Nc3 {[%clk 1:31:02]} a6 {[%clk 1:32:27]} 6. Be2 {[%clk
1:30:01]} e5 {[%clk 1:32:49]} 7. Nb3 {[%clk 1:30:23]} Be7 {[%clk 1:33:12]} 8.
Be3 {[%clk 1:30:21]} Be6 {[%clk 1:32:36]} 9. h4 {[%clk 1:17:46]} Nbd7 {[%clk
1:25:52]} 10. h5 {[%clk 1:12:38]} h6 {[%clk 1:25:05]} 11. Bf3 {[%clk 1:04:38]}
Qc7 {[%clk 1:23:32]} 12. Qd3 {[%clk 0:55:26]} Rc8 {[%clk 1:22:06]} 13. Rc1
{[%clk 0:53:42]} Nb6 {[%clk 1:19:20]} 14. Na5 {[%clk 0:34:37]} O-O {[%clk
1:17:23]} 15. Qd2 {[%clk 0:30:43]} Rfd8 {[%clk 1:15:40]} 16. Nd5 {[%clk
0:25:03]} Bxd5 {[%clk 1:12:41]} 17. exd5 {[%clk 0:25:06]} e4 {[%clk 1:09:18]}
18. Be2 {[%clk 0:22:25]} Nbxd5 {[%clk 1:06:54]} 19. Nb3 {[%clk 0:21:35]} Nxe3
{[%clk 1:06:50]} 20. Qxe3 {[%clk 0:21:52]} d5 {[%clk 1:06:35]} 21. c3 {[%clk
0:21:28]} Ne8 {[%clk 1:01:57]} 22. Rd1 {[%clk 0:20:02]} Bg5 {[%clk 1:02:21]}
23. Qd4 {[%clk 0:19:38]} e3 {[%clk 1:02:29]} 24. Rh3 {[%clk 0:17:26]} exf2+
{[%clk 1:01:27]} 25. Kxf2 {[%clk 0:17:31]} Nf6 {[%clk 1:01:22]} 26. Kg1 {[%clk
0:16:35]} Re8 {[%clk 1:01:31]} 27. Bd3 {[%clk 0:16:16]} Re7 {[%clk 1:00:47]}
28. Qf2 {[%clk 0:14:35]} Rce8 {[%clk 0:59:50]} 29. Kh1 {[%clk 0:12:00]} Ng4
{[%clk 0:58:28]} 30. Qf5 {[%clk 0:09:56]} Re1+ {[%clk 0:58:43]} 31. Rxe1 {[%clk
0:10:24]} Rxe1+ {[%clk 0:59:05]} 32. Bf1 {[%clk 0:10:48]} Ne3 {[%clk 0:58:02]}
33. Rxe3 Bxe3 {[%clk 0:57:57]} 34. Nd4 {[%clk 0:10:46]} Qf4 {[%clk 0:56:21]}
0-1

[Event "DEM U18 2020"]
[Site "Willingen GER"]
[Date "2020.10.20"]
[Round "1"]
[White "Mätzkow, Maximilian Paul"]
[Black "Pahl, Theis"]
[Result "1-0"]
[Termination "normal"]
[Board "12"]
[WhiteElo "2242"]
[BlackElo "2056"]
[WhiteClock "00:54:11"]
[BlackClock "00:26:13"]
[PlyCount "83"]
[WhiteFideId "24679933"]
[BlackFideId "16201264"]
[EventCountry "GER"]
[EventRounds "7"]
[EventType "swiss"]
[EventDate "2020.10.19"]

1. e4 {[%clk 1:30:53]} c5 {[%clk 1:30:52]} 2. Nf3 {[%clk 1:31:19]} d6 {[%clk
1:31:15]} 3. d4 {[%clk 1:31:46]} cxd4 {[%clk 1:31:39]} 4. Nxd4 {[%clk 1:32:11]}
Nf6 {[%clk 1:32:05]} 5. Nc3 {[%clk 1:32:36]} a6 {[%clk 1:30:49]} 6. Be3 {[%clk
1:33:00]} e5 {[%clk 1:30:20]} 7. Nf3 {[%clk 1:33:26]} Be7 {[%clk 1:28:41]} 8.
Bc4 {[%clk 1:33:50]} O-O {[%clk 1:27:34]} 9. O-O {[%clk 1:34:15]} Qc7 {[%clk
1:24:32]} 10. Bd5 {[%clk 1:29:41]} Nbd7 {[%clk 1:21:10]} 11. a4 {[%clk
1:27:42]} Rb8 {[%clk 1:10:34]} 12. Qe2 {[%clk 1:26:16]} Nc5 {[%clk 1:04:29]}
13. h3 {[%clk 1:25:36]} Bd7 {[%clk 1:01:23]} 14. Rfd1 {[%clk 1:24:28]} b5
{[%clk 0:57:30]} 15. axb5 {[%clk 1:20:10]} axb5 {[%clk 0:57:32]} 16. Bxc5
{[%clk 1:06:17]} Qxc5 {[%clk 0:51:30]} 17. Bb3 {[%clk 1:05:14]} Qc7 {[%clk
0:40:57]} 18. Nh2 {[%clk 1:02:30]} b4 {[%clk 0:38:46]} 19. Nd5 {[%clk 1:02:34]}
Nxd5 {[%clk 0:39:05]} 20. Rxd5 {[%clk 0:59:21]} Ra8 {[%clk 0:34:56]} 21. Rad1
{[%clk 0:57:05]} Kh8 {[%clk 0:34:49]} 22. Nf1 {[%clk 0:55:58]} Bc6 {[%clk
0:25:09]} 23. R5d2 {[%clk 0:56:07]} Qb7 {[%clk 0:25:04]} 24. Bd5 {[%clk
0:52:41]} Rfc8 {[%clk 0:22:12]} 25. Ne3 {[%clk 0:51:54]} g6 {[%clk 0:20:56]}
26. Nc4 {[%clk 0:49:04]} Kg7 {[%clk 0:16:58]} 27. b3 {[%clk 0:48:46]} Ra6
{[%clk 0:15:46]} 28. Qf3 {[%clk 0:44:27]} f6 {[%clk 0:14:05]} 29. Qg4 {[%clk
0:43:01]} Bxd5 {[%clk 0:05:59]} 30. Rxd5 {[%clk 0:40:53]} Qc7 {[%clk 0:06:15]}
31. Qe6 {[%clk 0:33:06]} Rd8 {[%clk 0:06:21]} 32. Rb5 {[%clk 0:31:55]} Qd7
{[%clk 0:02:58]} 33. Qd5 {[%clk 0:31:10]} Kf8 {[%clk 0:01:41]} 34. Rxb4 {[%clk
0:31:13]} Qc6 {[%clk 0:00:58]} 35. Ne3 {[%clk 0:27:50]} Qxd5 {[%clk 0:01:01]}
36. Nxd5 {[%clk 0:28:19]} Rd7 {[%clk 0:00:39]} 37. Rb8+ {[%clk 0:26:20]} Kf7
{[%clk 0:01:02]} 38. b4 {[%clk 0:26:10]} Ra2 {[%clk 0:00:49]} 39. b5 {[%clk
0:25:35]} Rxc2 {[%clk 0:00:34]} 40. Rb1 {[%clk 0:23:36]} f5 {[%clk 0:00:33]}
41. b6 {[%clk 0:23:35]} fxe4 {[%clk 0:26:13]} 42. b7 {[%clk 0:54:11]} 1-0

[Event "DEM U18 2020"]
[Site "Willingen GER"]
[Date "2020.10.20"]
[Round "1"]
[White "Vogt, Dustin"]
[Black "Richter, Philipp"]
[Result "0-1"]
[Termination "normal"]
[Board "13"]
[WhiteElo "1829"]
[BlackElo "2254"]
[WhiteClock "00:00:39"]
[BlackClock "00:33:00"]
[PlyCount "76"]
[WhiteFideId "16244567"]
[BlackFideId "16219929"]
[EventCountry "GER"]
[EventRounds "7"]
[EventType "swiss"]
[EventDate "2020.10.19"]

1. e4 {[%clk 1:30:52]} e6 {[%clk 1:30:56]} 2. d3 {[%clk 1:31:16]} d5 {[%clk
1:31:20]} 3. Nd2 {[%clk 1:31:41]} Nf6 {[%clk 1:31:42]} 4. Ngf3 {[%clk 1:31:50]}
Nc6 {[%clk 1:32:03]} 5. g3 {[%clk 1:31:29]} dxe4 {[%clk 1:32:27]} 6. dxe4
{[%clk 1:31:49]} Bc5 {[%clk 1:32:40]} 7. Bg2 {[%clk 1:31:49]} e5 {[%clk
1:33:02]} 8. O-O {[%clk 1:31:35]} O-O {[%clk 1:33:22]} 9. c3 {[%clk 1:30:24]}
a5 {[%clk 1:33:46]} 10. h3 {[%clk 1:21:52]} Qe7 {[%clk 1:31:08]} 11. Re1 {[%clk
1:19:54]} Rd8 {[%clk 1:31:24]} 12. Qe2 {[%clk 1:14:31]} b6 {[%clk 1:31:39]} 13.
Nh4 {[%clk 1:14:15]} Ba6 {[%clk 1:31:16]} 14. Qd1 {[%clk 1:01:34]} g6 {[%clk
1:24:42]} 15. Bf1 {[%clk 0:59:19]} Bd3 {[%clk 1:03:18]} 16. Qf3 {[%clk
0:56:55]} Bxf1 {[%clk 0:58:23]} 17. Nxf1 {[%clk 0:56:47]} Qe6 {[%clk 0:51:13]}
18. Bg5 {[%clk 0:54:33]} Be7 {[%clk 0:48:34]} 19. Rad1 {[%clk 0:31:26]} Ne8
{[%clk 0:48:36]} 20. Bxe7 {[%clk 0:30:57]} Nxe7 {[%clk 0:48:55]} 21. a3 {[%clk
0:22:51]} Qxh3 {[%clk 0:47:41]} 22. Ne3 {[%clk 0:20:07]} Qe6 {[%clk 0:47:37]}
23. Nd5 {[%clk 0:17:35]} Rab8 {[%clk 0:42:09]} 24. Qe3 {[%clk 0:08:40]} Nxd5
{[%clk 0:39:19]} 25. exd5 {[%clk 0:08:38]} Rxd5 {[%clk 0:39:38]} 26. Rxd5
{[%clk 0:08:13]} Qxd5 {[%clk 0:39:59]} 27. Qxe5 {[%clk 0:08:19]} Qxe5 {[%clk
0:40:20]} 28. Rxe5 {[%clk 0:08:47]} Rd8 {[%clk 0:40:19]} 29. Nf3 {[%clk
0:08:35]} Kf8 {[%clk 0:36:42]} 30. Ng5 {[%clk 0:02:24]} h6 {[%clk 0:35:50]} 31.
Nf3 {[%clk 0:02:39]} Rd1+ {[%clk 0:35:01]} 32. Kg2 {[%clk 0:02:49]} Nd6 {[%clk
0:35:15]} 33. Nd4 {[%clk 0:02:30]} Nc4 {[%clk 0:32:48]} 34. Re2 {[%clk
0:01:35]} Rb1 {[%clk 0:32:59]} 35. b3 {[%clk 0:01:50]} Nd6 {[%clk 0:32:28]} 36.
c4 {[%clk 0:00:49]} c5 {[%clk 0:32:38]} 37. Nc6 {[%clk 0:00:35]} Rxb3 {[%clk
0:32:53]} 38. Re7 {[%clk 0:00:39]} Nxc4 {[%clk 0:33:00]} 0-1

[Event "DEM U18 2020"]
[Site "Willingen GER"]
[Date "2020.10.21"]
[Round "2"]
[White "Roseneck, Jonas"]
[Black "Woelk, Tom-Frederic"]
[Result "1/2-1/2"]
[Termination "normal"]
[Board "1"]
[WhiteTitle "FM"]
[WhiteElo "2417"]
[BlackElo "2253"]
[WhiteClock "00:17:59"]
[BlackClock "00:45:26"]
[PlyCount "85"]
[WhiteFideId "12939870"]
[BlackFideId "12993077"]
[EventCountry "GER"]
[EventRounds "7"]
[EventType "swiss"]
[EventDate "2020.10.19"]

1. e4 {[%clk 1:30:58]} e5 {[%clk 1:30:30]} 2. Nf3 {[%clk 1:31:24]} Nc6 {[%clk
1:30:56]} 3. Bb5 {[%clk 1:31:50]} g6 {[%clk 1:31:22]} 4. d4 {[%clk 1:32:17]}
exd4 {[%clk 1:31:45]} 5. Bg5 {[%clk 1:32:44]} Be7 {[%clk 1:32:08]} 6. Bxe7
{[%clk 1:33:08]} Qxe7 {[%clk 1:32:35]} 7. Bxc6 {[%clk 1:33:33]} dxc6 {[%clk
1:33:01]} 8. Qxd4 {[%clk 1:33:58]} Nf6 {[%clk 1:33:27]} 9. Nc3 {[%clk 1:34:24]}
Bg4 {[%clk 1:32:28]} 10. Nd2 {[%clk 1:34:50]} c5 {[%clk 1:32:55]} 11. Qe3
{[%clk 1:35:16]} O-O-O {[%clk 1:33:18]} 12. h3 {[%clk 1:35:16]} Bd7 {[%clk
1:31:52]} 13. O-O-O {[%clk 1:35:20]} Bc6 {[%clk 1:32:19]} 14. f3 {[%clk
1:35:33]} h5 {[%clk 1:27:33]} 15. Nc4 {[%clk 1:31:21]} b6 {[%clk 1:23:36]} 16.
Qg5 {[%clk 1:31:44]} Rde8 {[%clk 1:14:46]} 17. h4 {[%clk 1:19:31]} Nd7 {[%clk
0:56:32]} 18. Qxe7 {[%clk 1:11:27]} Rxe7 {[%clk 0:51:32]} 19. Nd5 {[%clk
1:08:39]} Re6 {[%clk 0:48:40]} 20. Nf4 {[%clk 1:07:29]} Re7 {[%clk 0:46:58]}
21. Ne3 {[%clk 0:52:48]} Ne5 {[%clk 0:46:18]} 22. Ned5 {[%clk 0:49:02]} Rd7
{[%clk 0:43:40]} 23. b3 {[%clk 0:45:25]} Rhd8 {[%clk 0:39:22]} 24. Nc3 {[%clk
0:43:42]} Rd4 {[%clk 0:37:11]} 25. Nfe2 {[%clk 0:29:49]} R4d6 {[%clk 0:36:21]}
26. Rxd6 {[%clk 0:25:40]} Rxd6 {[%clk 0:36:26]} 27. Rd1 {[%clk 0:22:17]} Kd7
{[%clk 0:36:03]} 28. Nf4 {[%clk 0:19:14]} Rxd1+ {[%clk 0:34:20]} 29. Nxd1
{[%clk 0:16:39]} Kd6 {[%clk 0:32:44]} 30. Kd2 {[%clk 0:16:57]} Bd7 {[%clk
0:31:15]} 31. Ke3 {[%clk 0:16:24]} c4 {[%clk 0:25:33]} 32. Nb2 {[%clk 0:11:07]}
cxb3 {[%clk 0:25:53]} 33. cxb3 {[%clk 0:09:47]} Be6 {[%clk 0:23:39]} 34. Nbd3
{[%clk 0:06:42]} Nxd3 {[%clk 0:22:14]} 35. Kxd3 {[%clk 0:06:21]} Bc8 {[%clk
0:22:05]} 36. Nd5 {[%clk 0:03:17]} Ba6+ {[%clk 0:20:45]} 37. Ke3 {[%clk
0:03:46]} Bc8 {[%clk 0:18:38]} 38. Kd3 {[%clk 0:02:25]} Be6 {[%clk 0:17:56]}
39. Ne3 {[%clk 0:01:16]} c5 {[%clk 0:16:41]} 40. g3 {[%clk 0:00:31]} b5 {[%clk
0:15:35]} 41. f4 {[%clk 0:21:43]} f5 {[%clk 0:45:03]} 42. e5+ {[%clk 0:19:35]}
Kc6 {[%clk 0:45:26]} 43. Kc3 {[%clk 0:17:59]} 1/2-1/2

[Event "DEM U18 2020"]
[Site "Willingen GER"]
[Date "2020.10.21"]
[Round "2"]
[White "Tschernatsch, Johannes"]
[Black "Stork, Oliver"]
[Result "0-1"]
[Termination "normal"]
[Board "2"]
[BlackTitle "FM"]
[WhiteElo "2251"]
[BlackElo "2371"]
[WhiteClock "00:02:33"]
[BlackClock "00:01:28"]
[PlyCount "78"]
[WhiteFideId "16223977"]
[BlackFideId "12955728"]
[EventCountry "GER"]
[EventRounds "7"]
[EventType "swiss"]
[EventDate "2020.10.19"]

1. e4 {[%clk 1:30:57]} e5 {[%clk 1:30:49]} 2. Nf3 {[%clk 1:31:21]} Nc6 {[%clk
1:31:13]} 3. Bb5 {[%clk 1:31:46]} a6 {[%clk 1:31:37]} 4. Ba4 {[%clk 1:32:11]}
Nge7 {[%clk 1:32:01]} 5. O-O {[%clk 1:31:01]} g6 {[%clk 1:32:04]} 6. d4 {[%clk
1:30:39]} exd4 {[%clk 1:30:24]} 7. Nxd4 {[%clk 1:31:00]} Bg7 {[%clk 1:30:12]}
8. c3 {[%clk 1:26:42]} O-O {[%clk 1:23:29]} 9. Bg5 {[%clk 1:26:35]} Nxd4 {[%clk
1:21:16]} 10. cxd4 {[%clk 1:26:41]} h6 {[%clk 1:21:34]} 11. Bh4 {[%clk
1:24:27]} c5 {[%clk 1:08:56]} 12. dxc5 {[%clk 1:17:32]} Bxb2 {[%clk 0:44:12]}
13. Nd2 {[%clk 1:17:53]} Bxa1 {[%clk 0:28:11]} 14. Qxa1 {[%clk 1:18:16]} d5
{[%clk 0:28:20]} 15. exd5 {[%clk 1:03:21]} g5 {[%clk 0:24:18]} 16. Bg3 {[%clk
0:55:52]} Qxd5 {[%clk 0:22:34]} 17. Bb3 {[%clk 0:33:17]} Qf5 {[%clk 0:20:24]}
18. Re1 {[%clk 0:30:09]} Be6 {[%clk 0:10:33]} 19. Ne4 {[%clk 0:29:41]} Bxb3
{[%clk 0:05:53]} 20. Nf6+ {[%clk 0:30:03]} Kh8 {[%clk 0:06:18]} 21. Nd5+ {[%clk
0:30:21]} Kh7 {[%clk 0:05:50]} 22. Nxe7 {[%clk 0:29:44]} Qxc5 {[%clk 0:05:30]}
23. axb3 {[%clk 0:29:21]} f5 {[%clk 0:04:58]} 24. h4 {[%clk 0:19:47]} Rae8
{[%clk 0:01:33]} 25. Re5 {[%clk 0:15:16]} Qc2 {[%clk 0:01:51]} 26. hxg5 {[%clk
0:14:49]} hxg5 {[%clk 0:02:10]} 27. f3 {[%clk 0:09:31]} Rf7 {[%clk 0:01:09]}
28. Nd5 {[%clk 0:08:25]} Rd8 {[%clk 0:01:21]} 29. Qa5 {[%clk 0:04:35]} Rd6
{[%clk 0:00:55]} 30. Re1 {[%clk 0:03:18]} f4 {[%clk 0:01:16]} 31. Bf2 {[%clk
0:03:06]} Qf5 {[%clk 0:01:21]} 32. Rd1 {[%clk 0:00:55]} Rfd7 {[%clk 0:01:40]}
33. Nf6+ {[%clk 0:01:19]} Qxf6 {[%clk 0:02:03]} 34. Rxd6 {[%clk 0:01:38]} Rxd6
{[%clk 0:01:53]} 35. Qc7+ {[%clk 0:02:01]} Kg6 {[%clk 0:01:36]} 36. g4 {[%clk
0:01:32]} fxg3 {[%clk 0:01:23]} 37. Bxg3 {[%clk 0:01:52]} Qa1+ {[%clk 0:00:55]}
38. Kg2 {[%clk 0:02:13]} Rd2+ {[%clk 0:01:08]} 39. Bf2 {[%clk 0:02:33]} Qd4
{[%clk 0:01:28]} 0-1

[Event "DEM U18 2020"]
[Site "Willingen GER"]
[Date "2020.10.21"]
[Round "2"]
[White "Richter, Philipp"]
[Black "Suvorov, Alexander"]
[Result "0-1"]
[Termination "normal"]
[Board "4"]
[BlackTitle "FM"]
[WhiteElo "2254"]
[BlackElo "2313"]
[WhiteClock "00:04:23"]
[BlackClock "00:01:47"]
[PlyCount "66"]
[WhiteFideId "16219929"]
[BlackFideId "12977063"]
[EventCountry "GER"]
[EventRounds "7"]
[EventType "swiss"]
[EventDate "2020.10.19"]

1. d4 {[%clk 1:30:58]} d5 {[%clk 1:30:42]} 2. c4 {[%clk 1:31:20]} e6 {[%clk
1:31:03]} 3. Nc3 {[%clk 1:31:41]} a6 {[%clk 1:31:18]} 4. cxd5 {[%clk 1:31:38]}
exd5 {[%clk 1:31:41]} 5. Qb3 {[%clk 1:32:02]} c5 {[%clk 1:31:00]} 6. Nf3 {[%clk
1:21:54]} c4 {[%clk 1:22:06]} 7. Qc2 {[%clk 1:22:13]} Nf6 {[%clk 1:21:40]} 8.
Bg5 {[%clk 1:20:04]} Be6 {[%clk 1:15:14]} 9. e4 {[%clk 1:17:32]} b5 {[%clk
1:00:38]} 10. exd5 {[%clk 1:11:15]} Bxd5 {[%clk 0:56:53]} 11. Bxf6 {[%clk
1:09:59]} gxf6 {[%clk 0:57:13]} 12. Qf5 {[%clk 1:06:13]} Bb4 {[%clk 0:54:26]}
13. O-O-O {[%clk 1:04:56]} Bxc3 {[%clk 0:53:45]} 14. bxc3 {[%clk 1:05:14]} Nc6
{[%clk 0:44:05]} 15. Nd2 {[%clk 0:56:43]} Qd6 {[%clk 0:36:45]} 16. Ne4 {[%clk
0:47:18]} Bxe4 {[%clk 0:36:38]} 17. Qxe4+ {[%clk 0:45:49]} Kd8 {[%clk 0:28:40]}
18. g3 {[%clk 0:36:29]} Rb8 {[%clk 0:27:22]} 19. Qc2 {[%clk 0:31:41]} Ne7
{[%clk 0:23:35]} 20. Bg2 {[%clk 0:30:45]} b4 {[%clk 0:16:54]} 21. Rhe1 {[%clk
0:23:29]} Re8 {[%clk 0:14:47]} 22. Re3 {[%clk 0:19:56]} b3 {[%clk 0:11:14]} 23.
axb3 {[%clk 0:16:14]} cxb3 {[%clk 0:11:17]} 24. Qb2 {[%clk 0:16:17]} a5 {[%clk
0:07:58]} 25. Kd2 {[%clk 0:15:14]} Nd5 {[%clk 0:07:30]} 26. Rxe8+ {[%clk
0:13:21]} Kxe8 {[%clk 0:07:59]} 27. Ra1 {[%clk 0:13:08]} Rc8 {[%clk 0:04:10]}
28. Qa3 {[%clk 0:06:32]} Qxa3 {[%clk 0:01:02]} 29. Rxa3 {[%clk 0:06:56]} Rxc3
{[%clk 0:00:43]} 30. Rxa5 {[%clk 0:06:31]} Rc2+ {[%clk 0:01:05]} 31. Ke1 {[%clk
0:05:29]} Nc3 {[%clk 0:01:18]} 32. Ra8+ {[%clk 0:04:15]} Ke7 {[%clk 0:01:40]}
33. Rb8 {[%clk 0:04:23]} b2 {[%clk 0:01:47]} 0-1

[Event "DEM U18 2020"]
[Site "Willingen GER"]
[Date "2020.10.21"]
[Round "2"]
[White "Richter, Nils"]
[Black "Besancon, Pascal"]
[Result "1-0"]
[Termination "normal"]
[Board "5"]
[WhiteElo "2290"]
[BlackElo "1915"]
[WhiteClock "00:14:36"]
[BlackClock "00:02:18"]
[PlyCount "77"]
[WhiteFideId "12990809"]
[BlackFideId "16229991"]
[EventCountry "GER"]
[EventRounds "7"]
[EventType "swiss"]
[EventDate "2020.10.19"]

1. d4 {[%clk 1:30:58]} d5 {[%clk 1:29:26]} 2. c4 {[%clk 1:31:17]} e6 {[%clk
1:29:38]} 3. Nc3 {[%clk 1:31:33]} Nf6 {[%clk 1:28:06]} 4. cxd5 {[%clk 1:31:42]}
exd5 {[%clk 1:28:10]} 5. Bg5 {[%clk 1:31:57]} Be7 {[%clk 1:25:11]} 6. e3 {[%clk
1:30:49]} c6 {[%clk 1:18:41]} 7. Qc2 {[%clk 1:31:03]} Nbd7 {[%clk 1:16:59]} 8.
Bd3 {[%clk 1:30:56]} O-O {[%clk 1:02:49]} 9. Nf3 {[%clk 1:30:46]} Re8 {[%clk
0:59:45]} 10. O-O {[%clk 1:30:55]} h6 {[%clk 0:54:25]} 11. Bh4 {[%clk 1:29:50]}
Ne4 {[%clk 0:50:31]} 12. Bxe4 {[%clk 1:17:49]} Bxh4 {[%clk 0:48:11]} 13. Bh7+
{[%clk 1:13:38]} Kh8 {[%clk 0:46:45]} 14. Bd3 {[%clk 1:13:58]} Be7 {[%clk
0:42:15]} 15. Rab1 {[%clk 1:10:37]} a5 {[%clk 0:37:04]} 16. a3 {[%clk 1:09:06]}
Bd6 {[%clk 0:33:04]} 17. b4 {[%clk 1:02:30]} Nf6 {[%clk 0:31:41]} 18. b5 {[%clk
0:57:43]} Bg4 {[%clk 0:28:45]} 19. Ne2 {[%clk 0:46:08]} Qc7 {[%clk 0:29:13]}
20. Ne5 {[%clk 0:40:56]} Bxe2 {[%clk 0:24:57]} 21. Bxe2 {[%clk 0:37:34]} Bxe5
{[%clk 0:25:25]} 22. dxe5 {[%clk 0:37:56]} Rxe5 {[%clk 0:24:23]} 23. bxc6
{[%clk 0:36:22]} bxc6 {[%clk 0:21:21]} 24. Rfc1 {[%clk 0:35:44]} Re6 {[%clk
0:20:15]} 25. Qc5 {[%clk 0:34:51]} Qa7 {[%clk 0:19:17]} 26. Qxa7 {[%clk
0:32:23]} Rxa7 {[%clk 0:19:45]} 27. Rb6 {[%clk 0:32:21]} d4 {[%clk 0:15:55]}
28. Rcxc6 {[%clk 0:28:44]} Rxc6 {[%clk 0:14:03]} 29. Rxc6 {[%clk 0:29:12]} dxe3
{[%clk 0:13:11]} 30. fxe3 {[%clk 0:29:22]} Re7 {[%clk 0:12:01]} 31. Kf2 {[%clk
0:24:08]} Ne4+ {[%clk 0:11:00]} 32. Ke1 {[%clk 0:24:09]} g6 {[%clk 0:11:27]}
33. Bd3 {[%clk 0:20:17]} Kg7 {[%clk 0:10:56]} 34. Ke2 {[%clk 0:19:12]} Nf6
{[%clk 0:10:43]} 35. Rc5 {[%clk 0:18:07]} Ng4 {[%clk 0:06:42]} 36. Rxa5 {[%clk
0:18:10]} Nxe3 {[%clk 0:05:34]} 37. Kf3 {[%clk 0:18:06]} Nd1 {[%clk 0:04:10]}
38. Be4 {[%clk 0:14:41]} f5 {[%clk 0:02:18]} 39. Bc2 {[%clk 0:14:36]} 1-0

[Event "DEM U18 2020"]
[Site "Willingen GER"]
[Date "2020.10.21"]
[Round "2"]
[White "Stelmaszyk, Nico"]
[Black "Schmider, Niklas"]
[Result "0-1"]
[Termination "normal"]
[Board "7"]
[WhiteElo "2301"]
[BlackElo "2291"]
[WhiteClock "00:02:22"]
[BlackClock "00:10:34"]
[PlyCount "60"]
[WhiteFideId "16200462"]
[BlackFideId "12993778"]
[EventCountry "GER"]
[EventRounds "7"]
[EventType "swiss"]
[EventDate "2020.10.19"]

1. e4 {[%clk 1:30:50]} c5 {[%clk 1:30:24]} 2. Nf3 {[%clk 1:31:15]} d6 {[%clk
1:30:47]} 3. Bb5+ {[%clk 1:31:39]} Nd7 {[%clk 1:30:45]} 4. c4 {[%clk 1:32:03]}
Ngf6 {[%clk 1:28:52]} 5. Nc3 {[%clk 1:32:14]} e6 {[%clk 1:24:34]} 6. d4 {[%clk
1:31:37]} cxd4 {[%clk 1:24:49]} 7. Nxd4 {[%clk 1:31:57]} a6 {[%clk 1:22:50]} 8.
Ba4 {[%clk 1:32:14]} Be7 {[%clk 1:20:50]} 9. O-O {[%clk 1:29:06]} Qc7 {[%clk
1:18:33]} 10. Qe2 {[%clk 1:17:00]} O-O {[%clk 1:17:37]} 11. Be3 {[%clk
1:15:48]} Ne5 {[%clk 1:09:39]} 12. Bb3 {[%clk 1:14:16]} Bd7 {[%clk 0:55:45]}
13. f4 {[%clk 1:04:29]} Neg4 {[%clk 0:55:16]} 14. h3 {[%clk 0:56:49]} Nxe3
{[%clk 0:55:09]} 15. Qxe3 {[%clk 0:57:11]} e5 {[%clk 0:42:39]} 16. Nf5 {[%clk
0:50:08]} Bxf5 {[%clk 0:42:59]} 17. exf5 {[%clk 0:50:32]} d5 {[%clk 0:42:28]}
18. Qxe5 {[%clk 0:49:17]} Bd6 {[%clk 0:42:42]} 19. Qe2 {[%clk 0:48:58]} Rfe8
{[%clk 0:40:41]} 20. Qd3 {[%clk 0:44:29]} Re3 {[%clk 0:32:57]} 21. Qd2 {[%clk
0:23:30]} d4 {[%clk 0:22:29]} 22. Nd5 {[%clk 0:20:27]} Nxd5 {[%clk 0:22:41]}
23. cxd5 {[%clk 0:20:50]} Rae8 {[%clk 0:21:50]} 24. Kh1 {[%clk 0:18:42]} d3
{[%clk 0:18:23]} 25. Rae1 {[%clk 0:11:04]} Bxf4 {[%clk 0:13:36]} 26. Qf2 {[%clk
0:11:07]} Re2 {[%clk 0:09:16]} 27. Rxe2 {[%clk 0:01:49]} dxe2 {[%clk 0:09:29]}
28. Re1 {[%clk 0:02:05]} Bg3 {[%clk 0:09:50]} 29. Rxe2 {[%clk 0:01:55]} Qc1+
{[%clk 0:10:11]} 30. Qf1 {[%clk 0:02:22]} Qxf1# {[%clk 0:10:34]} 0-1